| 000 -CABECERA |
| Longitud fija campo de control |
00693nam a2200193 a 4500 |
| 001 - NÚMERO DE CONTROL |
| Número de control |
5518 |
| 003 - IDENTIFICADOR DEL NÚMERO DE CONTROL |
| Identificador del número de control |
CDMR |
| 005 - FECHA Y HORA DE LA ÚLTIMA TRANSACCIÓN |
| Fecha y hora de la última transacción |
20130930163030.0 |
| 008 - CÓDIGOS DE INFORMACIÓN DE LONGITUD FIJA |
| Códigos de información de longitud fija |
130130s1989||||||||||||||||||||||||||||d |
| 020 ## - NÚMERO INTERNACIONAL NORMALIZADO PARA LIBROS |
| Número Internacional Normalizado para Libros (ISBN) |
0415036054 |
| 040 ## - FUENTE DE LA CATALOGACIÓN |
| Centro catalogador de origen |
CDMR |
| Lengua de catalogación |
cat |
| Centro transcriptor |
CDMR |
| 245 #0 - MENCIÓN DE TÍTULO |
| Título |
Remote control |
| Resto del título |
: television, audiences and cultural power |
| Mención de responsabilidad, etc. |
edited by Ellen Seiter... [et al.] |
| 260 ## - PUBLICACIÓN, DISTRIBUCIÓN, ETC. (PIE DE IMPRENTA) |
| Lugar de publicación, distribución, etc. |
New York |
| Fecha de publicación, distribución, etc. |
1989 |
| Nombre del editor, distribuidor, etc. |
Routledge |
| 500 ## - NOTA GENERAL |
| Nota general |
Ponències del symposium celebrat al Abteilung für Amerikanistik de la Universität Tübingen, entre el 17 i el 20 de febrer de 1987 |
| 650 04 - PUNTO DE ACCESO ADICIONAL DE MATERIA - TÉRMINO DE MATERIA |
| 9 (RLIN) |
3121 |
| Término de materia o nombre geográfico como elemento inicial |
Teleespectadors |
| 650 04 - PUNTO DE ACCESO ADICIONAL DE MATERIA - TÉRMINO DE MATERIA |
| 9 (RLIN) |
1190 |
| Término de materia o nombre geográfico como elemento inicial |
Televisió |
| Subdivisión de materia general |
Aspectes socials |
| 700 1# - PUNTO DE ACCESO ADICIONAL - NOMBRE DE PERSONA |
| 9 (RLIN) |
4012 |
| Nombre de persona |
Seiter, Ellen |
| Fechas asociadas al nombre |
1957- |
| Término indicativo de función |
ed. |
| 942 ## - ENTRADA DE ELEMENTOS AGREGADOS (KOHA) |
| Koha [por defecto] tipo de item |
Monografies |
| Fuente de clasificaión o esquema |
|